Statistics for Landform in the Lyrics

Click here to take the quiz!

General Stats

  • This quiz has been taken 27 times
  • The average score is 7 of 15

Answer Stats

LyricsLandform% Correct
'Cause baby there ain't no mountain high enough / Ain't no ______ low enoughValley
91%
And we're rolling, rolling, rolling on the _____River
77%
I'm sittin' on the dock of the ___ / Watchin' the tide roll awayBay
68%
West Virginia, ________ mamaMountain
68%
On an ______ in the sun / We'll be playing and having funIsland
55%
On top of ___ ______ all covered with snow / I lost my true lover for courting too slowOld Smokey
55%
I keep on hoping we'll eat cake by the _____Ocean
50%
Somewhere beyond the ___ / Somewhere waiting for meSea
50%
I see _____ of green, red roses tooTrees
50%
Just let your love flow like a mountain ______ / And let your love grow with the smallest of dreamsStream
41%
Born on the _____ / Born on the _____Bayou
36%
Oh Rio, Rio dance across the ___ ______Rio Grande
36%
Lord, we don't need another mountain / There are mountains and _________ enough to climbHillsides
18%
______ love, it's drivin' me mad / It's makin' me crazyJungle
18%
They go to the ____ of fire and fry / Won't see them again till the fourth of JulyLake
14%

Score Distribution

Percentile by Number Answered

Percent of People with Each Score

Your Score History

You have not taken this quiz